Прибор для измерения твердости стальных манометрических пружин; Известия Томского политехнического института [Известия ТПИ]; Т. 194

Bibliographische Detailangaben
Parent link:Известия Томского политехнического института [Известия ТПИ]/ Томский политехнический институт (ТПИ).— , 1944-1976
Т. 194.— 1972.— [С. 82-85]
1. Verfasser: Сартаков В. Д.
Weitere Verfasser: Урусов В. И., Лещенко И. Г. Иван Гаврилович
Zusammenfassung:Заглавие с титульного листа
Электронная версия печатной публикации
Sprache:Russisch
Veröffentlicht: 1972
Schlagworte:
Online-Zugang:Черно-белая версия для предварительного просмотра
Цветная версия без потери качества
Format: Elektronisch Buchkapitel
KOHA link:https://koha.lib.tpu.ru/cgi-bin/koha/opac-detail.pl?biblionumber=221444

MARC

LEADER 00000nla2a2200000 4500
001 221444
005 20231031195642.0
035 |a (RuTPU)RU\TPU\book\241598 
035 |a RU\TPU\book\241594 
090 |a 221444 
100 |a 20120911d1972 k y0rusy50 ca 
101 0 |a rus 
102 |a RU 
135 |a drnn ---uucaa 
181 0 |a i  
182 0 |a b 
200 1 |a Прибор для измерения твердости стальных манометрических пружин  |b Электронный ресурс  |f В. Д. Сартаков, В. И. Урусов, И. Г. Лещенко 
203 |a Текст  |c электронный 
215 |a 2 файла (246 Кб, 7.1 Мб) 
230 |a Электронные текстовые данные (2 файла : 246 Кб, 7.1 Мб) 
300 |a Заглавие с титульного листа 
300 |a Электронная версия печатной публикации 
320 |a [Библиогр.: с. 85 (2 назв.)] 
337 |a Adobe Reader 
461 1 |0 (RuTPU)RU\TPU\book\200995  |t Известия Томского политехнического института [Известия ТПИ]  |f Томский политехнический институт (ТПИ)  |d 1944-1976 
463 1 |0 (RuTPU)RU\TPU\book\241570  |t Т. 194  |v [С. 82-85]  |d 1972  |p 148 с. 
610 1 |a электронный ресурс 
610 1 |a труды учёных ТПУ 
700 1 |a Сартаков  |b В. Д. 
701 1 |a Урусов  |b В. И. 
701 1 |a Лещенко  |b И. Г.  |c российский ученый  |c профессор кафедры информационно-измерительной техники Томского политехнического института  |f 1924-1989  |g Иван Гаврилович  |2 stltpush  |3 (RuTPU)RU\TPU\pers\19833 
801 1 |a RU  |b 63413507  |c 20090320  |g PSBO 
801 2 |a RU  |b 63413507  |c 20121024  |g PSBO 
856 4 |u http://www.lib.tpu.ru/fulltext/v/Bulletin_TPU/1972/v194/20_bw.pdf  |z Черно-белая версия для предварительного просмотра 
856 4 |u http://www.lib.tpu.ru/fulltext/v/Bulletin_TPU/1972/v194/20_full.pdf  |z Цветная версия без потери качества 
942 |c CF